| 000 | 01383nam a2200433Ia 4500 | ||
|---|---|---|---|
| 001 | dia_5569 | ||
| 003 | CHAP | ||
| 005 | 20250828100222.0 | ||
| 007 | ta | ||
| 008 | 220117s1994 mx fr 001 0 spa d | ||
| 040 |
_cCHAP _amxchpua |
||
| 090 |
_aT.C.176 _bL49 SAI _c1994 |
||
| 245 | 1 | 0 |
_aSistema agroindustrial : _bhortalizas / _ccoordinador Gabriel Leyva Ruelas ; colaboradores Carlota Acevedo Mendez...[et al.] |
| 260 |
_aMéxico : _bEl autor, _c1994 |
||
| 300 |
_a72 hojas : _btablas |
||
| 336 |
_2rdacontent _atexto _btxt |
||
| 337 |
_2rdamedia _asin medio _bn |
||
| 338 |
_2rdacarrier _avolumen _bnc |
||
| 502 |
_aViaje de Estudios _b(SAI) -- _cUACh. Departamento de Ingeniería Agroindustrial, _d1994 |
||
| 504 | _aBibliografía: hoja 72 | ||
| 650 | 1 | 3 |
_aChile _9147902 |
| 650 | 1 | 3 |
_aFrijol _943319 |
| 650 | 1 | 3 |
_aHorticultura _956291 |
| 650 | 1 | 3 |
_aPepino _986895 |
| 650 | 1 | 3 |
_aTomate _9113672 |
| 650 | 1 | 3 |
_aBeans _9156611 |
| 650 | 1 | 3 |
_aCucumbers _9148299 |
| 650 | 1 | 3 |
_aHorticulture _9154333 |
| 650 | 1 | 3 |
_aTomatoes _9148444 |
| 700 | 1 |
_aLeyva Ruelas, Gabriel _9152794 _ecoordinador |
|
| 700 | 1 |
_aAcevedo Méndez, Carlota _ecolaboradora _9512 |
|
| 901 | _aT.C.176 L49 SAI 1994 | ||
| 902 | _aM | ||
| 905 | _a5332271994 mx n 8223123322spa16 | ||
| 942 | _2local | ||
| 942 | _cVE | ||
| 999 |
_c176541 _d176541 |
||